Condiciones competitivas de la agricultura del maíz en México /

Đã lưu trong:
Chi tiết về thư mục
Tác giả chính: Caballero Urdiales, Emilio
Tác giả khác: Zermeño López, Felipe, comp
Định dạng: Texto
Được phát hành: México D.F: Centro de Estudios para un Proyecto Nacional CEPNA
Các nhãn: Thêm thẻ
Không có thẻ, Là người đầu tiên thẻ bản ghi này!

MARC

LEADER 00000 a a2200000 04500
001 23610
003
040
020 |a 968-6981-02-0  
022 |a 968-6981-02-0  
090 |a 164000  
100 |a Caballero Urdiales, Emilio  
245 |a Condiciones competitivas de la agricultura del maíz en México /  |c Emilio Caballero Urdiales 
260 |a México D.F:   |b Centro de Estudios para un Proyecto Nacional CEPNA  
300 |a 149 p  
300 |b **no definido**  
700 |a   
700 |a Zermeño López, Felipe  
700 |a comp  
999 |c 1278  |d 1278